| 000 | 01286cam a2200337 i 4500 | ||
|---|---|---|---|
| 001 | 1634739 | ||
| 003 | EG-ScBUE | ||
| 005 | 20241112094612.0 | ||
| 008 | 960517t1997 nyua f b 001 0 eng d | ||
| 020 | _a0471163635 | ||
| 020 | _a9780471163633 | ||
| 040 |
_aDLC _beng _erda _cDLC _dDLC _dEG-ScBUE |
||
| 082 | 0 | 4 |
_222 _a519.40285 _bSHA |
| 100 | 1 |
_aShampine, Lawrence F., _eauthor. |
|
| 245 | 1 | 0 |
_aFundamentals of numerical computing / _cL. F. Shampine, Sourthern Methodist University, R. C. Allen, Sandia National Laboratories, S. Pruess, Colorado School of Mines. |
| 264 | 1 |
_aNew York : _bJohn Wiley & sons, _c[1997] |
|
| 264 | 4 | _cc1997 | |
| 300 |
_ax, 268 pages : _billustrations ; _c24 cm |
||
| 336 |
_2rdacontent _atext _btxt |
||
| 337 |
_aunmediated _2rdamedia _bn |
||
| 338 |
_avolume _bnc _2rdacarrier |
||
| 504 | _aIncludes bibliographical references and index. | ||
| 650 | 7 |
_aNumerical analysis _xData processing. _2BUEsh _911374 |
|
| 653 |
_bGGEN _cMarch2018 |
||
| 655 | _vReading book | ||
| 700 | 1 |
_aAllen, Richard C., _eauthor. |
|
| 700 | 1 |
_aPruess, Steven, _eauthor. |
|
| 856 | 4 | 2 |
_3Publisher description _uhttp://www.loc.gov/catdir/description/wiley033/96022074.html |
| 856 | 4 |
_3Table of Contents _uhttp://www.loc.gov/catdir/toc/onix04/96022074.html |
|
| 942 |
_2ddc _cBB |
||
| 999 |
_c26349 _d26321 |
||